1143 1647 1648 1124 1890 1898 1709 1970 1626 1836 1038 1709 1984 1678 1440 1788 1210 1646 1353 1286 1831 1204 1631 1741 1035 1616 1868 1608 1261 1849 1998 1284 1072 1065 1702 1669 1534 1072 1046 1423 1390 1156 1363 1108 1049 1326 1594 1254 1542 1091 1671 1776 1634 1370 1661 1763 1832 1308 1683 1821 1374 1780 1758 1634 1353 1543 1487 1228 1166 1802 1392 1879 1482 1420 1604 1898 1387 1946 1710 1445 1306 1087 1307 1914 1915 1301 1278 1531 1367 1926 1191 1949 1500 1724 1474 1273 1157 1573 1676 BCNSPRNW ULIB Ver.6.0+V

เปลี่ยนเป็นภาษาไทย

Change to English
 แสดงรายละเอียดบรรณานุกรม
  กลับหน้าหลัก

Brief Record : Get Marc (ISO 2709) : E-mail record : QR code < ปิดหน้าต่าง
LEADER : 00000nam 2200000uu 4500
001    13399125157
003     ULIB
008    161024s2555||||th 000 0 tha d
099    ^aวจ.WA590^bส780ผ
100 0  ^aสุภาณี คลังฤทธิ์,ชลลดา ติยะวิสุทธิ์ศรี,สุดาวรรณ สันหมอยา
245 00 ^aผลการจัดการเรียนการสอนตามสภาพจริงต่อความเข้าใจมนุษย์รายวิชามนุษย์กับพฤติกรรมสุขภาพ วิทยาลัยพยาบาลบรมราชนนี พุทธชินราช /^cสุภาณี คลังฤทธิ์,ชลลดา ติยะวิสุทธิ์ศรี,สุดาวรรณ สันหมอยา
260    ^aพิษณุโลก :^bวิทยาลัยพยาบาลบรมราชชนนี พุทธชินราช,^c2555
300    ^a58 หน้า
700 0  ชลลดา ติยะวิสุทธิ์
700 0  สุดาวรรณ สันหมอยา
945    ^p0^l0^i001406
995    ^aณรีรัตน์
999 ^a ใช้งานได้ทุกระบบ
รายการนี้ยังไม่มีแท็ก
คุณยังไม่ได้ล็อกอิน คุณสามารถมีกิจกรรมร่วมกับเว็บไซต์ได้ แต่ต้องล็อกอินก่อน ::
  ล็อกอิน

รายการสื่อสารสนเทศ

ลำดับที่ ประเภท เลขเรียก/บาร์โค้ด สถานที่ สถานะ
1. งานวิจัย
งานวิจัย
วจ.WA590 ส780ผ ฉ.1 
  Barcode: 001406
ห้องสมุดวิทยาเขตสวรรค์ประชารักษ์
►วิจัย
บนชั้น

BibComment


ยังไม่เคยถูกคอมเมนท์

คอมเมนท์ทรัพยากรรายการนี้
  คอมเมนท์: ผลการจัดการเรียน..


 Copyright 2026. Bcnsprnw @Library